| 000 | 00558nam a2200205Ia 4500 | ||
|---|---|---|---|
| 005 | 20260429111945.0 | ||
| 008 | 260429s9999||||xx |||||||||||||| ||und|| | ||
| 020 | _a9788126578511 | ||
| 041 | _aEnglish | ||
| 082 |
_a006.31 _bSRI |
||
| 100 | _aSrinivasaraghavan, Anuradha | ||
| 245 | 0 |
_aMachine learning / _cAnuradha Srinivasaraghavan |
|
| 260 |
_aIndia : _bWiley, _c2019. |
||
| 300 | _axix, 308 p.; pbk | ||
| 650 | _a Artificial intelligence | ||
| 650 | _a Machine learning | ||
| 650 | _aComputer science | ||
| 700 | _a Joseph, Vincy | ||
| 942 | _cTB | ||
| 999 |
_c51612 _d51612 |
||